[Event "4th London Classic Open"]
[Site "London ENG"]
[Date "2012.12.08"]
[Round "8"]
[White "Dukaczewski,P"]
[Black "Willmoth,R"]
[Result "1-0"]
[WhiteElo "2274"]
[BlackElo "2164"]

1.e4 d6 2.d4 Nf6 3.Nc3 c6 4.f4 Qa5 5.Bd2 e5 6.fxe5 dxe5 7.Nd5 Qd8 8.Nxf6+ Qxf6
9.Nf3 exd4 10.Bc4 Bc5 11.Ng5 Qe7 12.Bxf7+ Kd8 13.Qh5 h6 14.O-O-O Bd7 15.e5 Kc8
16.e6 Be8 17.Rhf1 Na6 18.Rde1 Bb4 19.Bxb4 Nxb4 20.Ne4 Kd8 21.Qe5 Nd5 22.Qxg7 Rf8
23.Qxd4 Kc7 24.Qe5+ Kb6 25.Nd6 Bxf7 26.Rxf7 Rxf7 27.exf7 Qh4 28.g3 Qxh2 29.Nc4+ Kc5
30.Ne3 Rd8 31.Nxd5 Rxd5 32.f8=Q+  1-0

[Event "4th London Classic Open"]
[Site "London ENG"]
[Date "2012.12.08"]
[Round "8"]
[White "Vachtfeidl,P"]
[Black "Skutta,B"]
[Result "0-1"]
[WhiteElo "1945"]
[BlackElo "2067"]

1.e4 d6 2.d4 Nf6 3.Nc3 e5 4.Nf3 Nbd7 5.Bc4 Be7 6.O-O O-O 7.Re1 c6 8.a4 a5
9.h3 Nb6 10.Bf1 exd4 11.Nxd4 d5 12.e5 Ne8 13.f4 g6 14.Kh1 Ng7 15.Qf3 f6 16.exf6 Bxf6
17.Nce2 c5 18.Nb5 Bf5 19.c3 Be4 20.Qe3 Rc8 21.Ng3 Bh4 22.Nxe4 Nf5 23.Nf6+ Rxf6  0-1

[Event "ch-IRI 2012"]
[Site "Zahedan IRI"]
[Date "2012.12.08"]
[Round "2.10"]
[White "Khamisi,S"]
[Black "Darban,M"]
[Result "0-1"]
[WhiteElo "2167"]
[BlackElo "2384"]

1.e4 d6 2.d4 Nf6 3.Nc3 c6 4.f3 Qb6 5.Bc4 e5 6.Nge2 Nbd7 7.Bb3 Be7 8.Be3 Qa6
9.O-O O-O 10.h3 Nb6 11.f4 Nc4 12.Bxc4 Qxc4 13.Qd3 Qxd3 14.cxd3 exf4 15.Nxf4 Be6
16.g4 h6 17.Kg2 a6 18.Rac1 Rae8 19.a3 Bd8 20.Nfe2 d5 21.e5 Nd7 22.Rf3 f6
23.exf6 Rxf6 24.Rcf1 Bf7 25.Ng3 Rxf3 26.Rxf3 Bg6 27.Nf5 Bxf5 28.gxf5 Kf7
29.Ne2 Bg5 30.Kf2 Bxe3+ 31.Rxe3 Rxe3 32.Kxe3 Nb6 33.b3 Kf6 34.Kf4 a5 35.Nc3 h5
36.h4 Nc8 37.Ne2 Ne7 38.Ng3 g6 39.fxg6 Nxg6+ 40.Ke3 Nxh4 41.Nxh5+ Kg5 42.Ng3 Kg4
43.Kf2 Ng6 44.Ne2 Nf4 45.Nc1 b5 46.Ke3 Kg3 47.Na2 Ng2+ 48.Kd2 Kf3 49.Nc3 Nf4
50.Nd1 Ne2 51.b4 a4 52.Kc2 Nxd4+ 53.Kc3 Ne2+ 54.Kc2 d4 55.Kb2 Nf4  0-1

[Event "TCh-CZE Div1 Zapad 2012-13"]
[Site "Czech Republic CZE"]
[Date "2012.12.09"]
[Round "4.2"]
[White "Svatos,J"]
[Black "Voloshin,L"]
[Result "1/2-1/2"]
[WhiteElo "2284"]
[BlackElo "2426"]

1.e4 d6 2.d4 Nf6 3.Nc3 e5 4.dxe5 dxe5 5.Qxd8+ Kxd8 6.Bc4 Be6 7.Bxe6 fxe6
8.Nge2 Bd6 9.f3 Ke7 10.Be3 a6 11.O-O Rg8 12.Rad1 Nbd7 13.Nc1 g5 14.g4 Bc5
15.Bxc5+ Nxc5 16.Nd3 Ncd7 17.Kf2 Rg7 18.h4 Rf8 19.Ke3 gxh4 20.Rh1 h5 21.gxh5 Nxh5
22.Rxh4 Nhf6 23.Ne2 c5 24.c4 Ne8 25.Rh5 Nd6 26.b3 Nf7 27.Rg1 Rxg1 28.Nxg1 Kd6
29.Nh3 b5 30.Ng5 Nxg5 31.Rxg5 bxc4 32.bxc4 Rh8 33.Rg2 Nb6 34.Rc2 Rh1 35.Nf2 Rh2
36.Kd3 a5 37.Rb2 Kc6 38.Rd2 a4 39.a3 Rg2 40.Kc3 Rg3 41.Rd3 Rg2 42.Rd2 Kc7
43.Nd3 Rxd2 44.Kxd2 Nxc4+ 45.Kc3 Nxa3 46.Nxc5 Nb5+ 47.Kc4 Nd4 48.Nxa4 Nxf3
49.Nc5 Kd6 50.Kb5 Nd2 51.Nb7+ Ke7 52.Nc5 Nf1 53.Kc6 Ng3 54.Kc7 Nf5 55.exf5 exf5
56.Kc6 e4 57.Kd5 e3 58.Ke5 e2 59.Nd3 f4 60.Kxf4 e1=R  1/2-1/2

[Event "TCh-CZE Div1 Zapad 2012-13"]
[Site "Czech Republic CZE"]
[Date "2012.12.09"]
[Round "4.5"]
[White "Vrana,J"]
[Black "Spacek,P"]
[Result "1/2-1/2"]
[WhiteElo "2275"]
[BlackElo "2399"]

1.e4 d6 2.d4 Nf6 3.Nc3 e5 4.dxe5 dxe5 5.Qxd8+ Kxd8 6.Bc4 Ke8 7.Nf3 Bd6 8.Bg5 Nbd7
9.O-O-O a6 10.a4 h6 11.Bh4 Kf8 12.Rhe1 g6 13.Nd5 Kg7 14.Bg3 Re8 15.Nd2 Nh5
16.Be2 Nxg3 17.hxg3 Nb6 18.Nxb6 cxb6 19.Nb3 Bb4 20.c3 Be6 21.Kc2 Be7 22.g4 Rad8  1/2-1/2

[Event "Bundesliga 2012-13"]
[Site "Griesheim GER"]
[Date "2012.12.09"]
[Round "6"]
[White "Kurnosov,I"]
[Black "Maksimenko,An"]
[Result "1-0"]
[WhiteElo "2660"]
[BlackElo "2547"]

1.e4 d6 2.d4 Nf6 3.Nc3 e5 4.Nf3 Nbd7 5.Bc4 Be7 6.O-O O-O 7.a4 c6 8.Re1 a5
9.h3 exd4 10.Qxd4 Nc5 11.Bf4 Ne6 12.Bxe6 Bxe6 13.Rad1 Ne8 14.Qe3 Rc8 15.Nd4 Rc7
16.Nxe6 fxe6 17.Bxd6 Nxd6 18.e5 Nf5 19.Rxd8 Nxe3 20.Rxf8+ Kxf8 21.Rxe3 b5
22.Kf1 Bb4 23.b3 Rd7 24.axb5 cxb5 25.Nxb5 Rd2 26.Nc7 Kf7 27.Rf3+ Ke7 28.Na6 Ba3
29.Rc3 Rd5 30.Rc7+ Kf8 31.f4 h5 32.Ke2 g5 33.Nb8 Ke8 34.c4 Rd4 35.fxg5 Re4+
36.Kf3 Rxe5 37.h4 Bd6 38.Rc8+ Kf7 39.Nd7 Rf5+ 40.Ke3 Ke7 41.g6 Kxd7 42.g7 Kxc8
43.g8=Q+ Kd7 44.g4 hxg4 45.Qxg4 Rf1 46.h5 Rb1 47.Qg7+ Kc6 48.h6 Rxb3+ 49.Ke4 Bb4
50.h7 Bc3 51.h8=Q Bxg7 52.Qxg7 a4 53.Qa7 Rb4 54.Kd4 e5+ 55.Kxe5 Rxc4 56.Qa6+ Kc5
57.Qa5+  1-0

[Event "4th London Classic Open"]
[Site "London ENG"]
[Date "2012.12.09"]
[Round "9"]
[White "De Coverly,R"]
[Black "Black,Ri"]
[Result "0-1"]
[WhiteElo "2038"]
[BlackElo "2227"]

1.e4 d6 2.d4 Nf6 3.Nc3 c6 4.f4 Qa5 5.e5 Ne4 6.Qf3 d5 7.Bd3 Na6 8.Ne2 Nb4
9.f5 Nxd3+ 10.cxd3 Nxc3 11.bxc3 e6 12.f6 g6 13.h4 h5 14.O-O Bd7 15.c4 O-O-O
16.Bb2 Kb8 17.Bc3 Qa6 18.c5 b6 19.Rfb1 Kc7 20.cxb6+ axb6 21.a4 Ra8 22.a5 bxa5
23.Bxa5+ Qxa5 24.Rxa5 Rxa5 25.Qf1 Ba3 26.Qe1 Rha8 27.Nc1 Ra4 28.Nb3 Bb4 29.Qc1 Ba3
30.Qc2 Bc8 31.Kh2 Ba6 32.Kg3 Bb5 33.Nc5 R4a5 34.Qd2 Bxc5 35.dxc5 Ra3 36.Kh2 Bxd3
37.Rb2 R8a4 38.Rb4 Ra2 39.Qc3 R2a3 40.Qb2 Bb5 41.Rxa4 Rxa4 42.Kh3 d4 43.Qd2 d3
44.g3 Kb7 45.Qh6 Rd4 46.Qf8 d2 47.Qxf7+ Ka6 48.Qc7 Bf1+ 49.Kh2 Kb5 50.Qb6+ Kc4
51.f7 d1=Q 52.Qa6+ Kd5 53.Qa2+ Kxe5  0-1

[Event "London Classic Women Inv"]
[Site "London ENG"]
[Date "2012.12.09"]
[Round "9"]
[White "Daulyte,D"]
[Black "Miturova,M"]
[Result "1/2-1/2"]
[WhiteElo "2212"]
[BlackElo "2157"]

1.e4 d6 2.d4 Nf6 3.Nc3 Nbd7 4.f4 e5 5.Nf3 exd4 6.Qxd4 c6 7.Be2 d5 8.e5 Bc5
9.Qd3 Ng4 10.Nd1 Qb6 11.Qb3 Qc7 12.Ne3 Nb6 13.Nxg4 Bxg4 14.Be3 Bxf3 15.Bxf3 Bxe3
16.Qxe3 Nc4 17.Qc5 Nxb2 18.Bxd5 Qb6 19.Qxb6 axb6 20.Bb3 b5 21.O-O Nc4 22.a4 Nd2
23.axb5 Ke7 24.Rxa8 Rxa8 25.Rd1 Nxb3 26.cxb3  1/2-1/2

[Event "4th London Classic Open"]
[Site "London ENG"]
[Date "2012.12.09"]
[Round "9"]
[White "O'Molloy,Eamonn"]
[Black "Burke,J"]
[Result "1-0"]
[WhiteElo "1926"]
[BlackElo "2068"]

1.e4 d6 2.d4 Nf6 3.Nc3 c6 4.g3 Qc7 5.Bg2 e5 6.Nge2 Be7 7.h3 Nbd7 8.O-O Nf8
9.Be3 h6 10.Qd2 g5 11.Rad1 Ng6 12.Kh2 Bd7 13.a3 b6 14.Nc1 Qd8 15.Nd3 h5 16.Ne2 h4
17.g4 Nf4 18.Bxf4 exf4 19.e5 dxe5 20.dxe5 Qc7 21.Bf3 Nh7 22.Nd4 O-O 23.Rfe1 Rae8
24.Nf5 Be6 25.Qc3 Rc8 26.Nb4 Bxb4 27.Qxb4 c5 28.Qe4 Rcd8 29.Nd6 f6 30.Qg6+ Qg7
31.Qe4 fxe5 32.Qxe5 Qxe5 33.Rxe5 Rf6 34.Ne4 Rxd1 35.Nxf6+ Kf7 36.Nxh7 Rd2
37.Nxg5+ Kg6 38.Rxe6+  1-0

[Event "XVIII Navalmoral Open"]
[Site "Navalmoral de la Mata ESP"]
[Date "2012.12.09"]
[Round "9.5"]
[White "Fedorchuk,S"]
[Black "Del Rio de Angelis,S"]
[Result "1-0"]
[WhiteElo "2661"]
[BlackElo "2485"]

1.e4 d6 2.d4 Nf6 3.Nc3 e5 4.Nf3 Nbd7 5.Bc4 Be7 6.O-O O-O 7.a4 a5 8.Re1 c6
9.h3 Re8 10.Ba2 h6 11.Be3 Qc7 12.Nd2 Bf8  1-0

[Event "12th Porec Open"]
[Site "Porec CRO"]
[Date "2012.12.09"]
[Round "7.2"]
[White "Fercec,N"]
[Black "Ostovic,M"]
[Result "1-0"]
[WhiteElo "2489"]
[BlackElo "2282"]

1.e4 d6 2.d4 Nf6 3.Nc3 e5 4.Nf3 Nbd7 5.g4 Nxg4 6.Rg1 Ngf6 7.Be3 c6 8.Qd2 b5
9.O-O-O Qa5 10.dxe5 Nxe5 11.Nxe5 dxe5 12.Kb1 b4 13.Na4 Be6 14.b3 Nxe4 15.Qe1 g6
16.Bg2 f5 17.f3 Nf6 18.Bd4 O-O-O 19.f4 Ne4 20.Bxe5 Rxd1+ 21.Qxd1 Rg8 22.Bxe4 fxe4
23.Qd4 Bd5 24.Qe3 Be6 25.Qxe4 Qd5 26.Qe2 Qb5 27.Qe3 Kb7 28.Rd1 Be7 29.Bd6 Qh5
30.Rd4 Qxh2 31.Bxe7 Bf5 32.Rxb4+  1-0

[Event "22nd TCh-SLO 2012"]
[Site "Slovenia SLO"]
[Date "2012.12.09"]
[Round "9"]
[White "Pavasovic,D"]
[Black "Srebrnic,M"]
[Result "1/2-1/2"]
[WhiteElo "2555"]
[BlackElo "2378"]

1.e4 d6 2.d4 Nf6 3.Nc3 e5 4.Nf3 Nbd7 5.Bc4 Be7 6.O-O O-O 7.a4 c6 8.Re1 Rb8
9.b3 b6 10.Bb2 a6 11.Bd3 Re8 12.Ne2 Bf8 13.Ng3 g6 14.c4 Bg7 15.h3 h5 16.Qc2 Qc7
17.Rad1 Bb7 18.c5 bxc5 19.dxe5 dxe5 20.Bc4 Nb6 21.Be2 c4 22.b4 c3 23.Bxc3 c5
24.b5 axb5 25.Bxb5 Re7 26.Qd3 Ne8 27.a5 Nc8 28.Qd8 Nd6 29.Qxc7 Nxc7 30.Bd3 Ncb5
31.Rc1 c4 32.Bf1 h4 33.Nxh4 Bh6 34.Rcd1 Re6 35.Bd2 Bf4 36.Nf3 c3 37.Be3 c2
38.Rc1 Na3 39.Bd3 Rc8 40.a6 Ba8 41.Bxf4 exf4 42.Ne2 Nxe4 43.Ned4 Nc5 44.Bxc2 Rxe1+
45.Nxe1 Nxa6 46.Ra1 Nxc2 47.Nexc2 Nc5 48.f3 Bd5 49.Nb4 Bb7 50.Ne2 g5 51.Rd1 Ne6
52.Rd6 Rd8 53.Rb6 Rd7 54.Nc3 Kg7 55.Nb5 Rd1+ 56.Kf2 Rd2+ 57.Kg1 Rd1+ 58.Kf2 Rd2+
59.Kg1 Rd1+ 60.Kf2 Rd2+  1/2-1/2

[Event "ch-IRI 2012"]
[Site "Zahedan IRI"]
[Date "2012.12.10"]
[Round "5.8"]
[White "Shah Moradi,Mohammad"]
[Black "Ahmadinia,E"]
[Result "0-1"]
[WhiteElo "2120"]
[BlackElo "2363"]

1.e4 d6 2.d4 Nf6 3.Nc3 e5 4.Nf3 Nbd7 5.Bc4 Be7 6.O-O O-O 7.h3 c6 8.a4 h6
9.Re1 Re8 10.Ba2 Qc7 11.Nh4 Nf8 12.dxe5 dxe5 13.Qf3 Be6 14.Nf5 Bxa2 15.Rxa2 Ne6
16.Ne2 Ng5 17.Bxg5 hxg5 18.Raa1 Bf8 19.Rad1 Red8 20.Nc1 g6 21.Nh6+ Kg7 22.Ng4 Be7
23.Nd3 Nxg4 24.hxg4 Qa5 25.g3 Bf6 26.b3 Qc3 27.Qe2 c5 28.f4 gxf4 29.gxf4 exf4
30.e5 Bg5 31.Kg2 c4 32.bxc4 Qxc4 33.Rb1 Qc6+ 34.Qf3 Qxc2+ 35.Nf2 Bh4 36.Rxb7 Rd2
37.Rf1 Bxf2 38.Rxf2 Rad8 39.Rxf7+ Kg8 40.Rxf4 Rxf2+ 41.Qxf2 Rd2  0-1

[Event "4th Penang Heritage City Open"]
[Site "Penang MAS"]
[Date "2012.12.11"]
[Round "1.15"]
[White "Bitoon,Jimson"]
[Black "William,Lee Kah Howe"]
[Result "1-0"]
[WhiteElo "2290"]
[BlackElo "1772"]

1.e4 d6 2.d4 Nf6 3.Nc3 Nbd7 4.f4 e5 5.Nf3 exd4 6.Nxd4 Nc5 7.Bd3 Be7 8.O-O O-O
9.Kh1 Re8 10.e5 dxe5 11.fxe5 Ng4 12.e6 Nxe6 13.Nf5 Ne5 14.Nxe7+ Qxe7 15.Bxh7+ Kxh7
16.Qh5+ Kg8 17.Qxe5 Bd7 18.Nd5 Qd6 19.Qh5 Rf8 20.Bf4 Nxf4 21.Rxf4 Qh6 22.Qxh6 gxh6  1-0

[Event "ch-IRI 2012"]
[Site "Zahedan IRI"]
[Date "2012.12.11"]
[Round "7.6"]
[White "Hosseinzadeh,N"]
[Black "Nasri,A"]
[Result "0-1"]
[WhiteElo "2250"]
[BlackElo "2304"]

1.e4 d6 2.d4 Nf6 3.Nc3 c6 4.f4 Qa5 5.Bd3 e5 6.Nf3 exd4 7.Nxd4 Nbd7 8.O-O g6
9.Kh1 Bg7 10.Qe1 O-O 11.f5 Qb6 12.Nf3 Qc7 13.Qh4 b5 14.Bh6 a6 15.Ng5 Ne5
16.Rf4 Ra7 17.Raf1 Qe7 18.Nd1 Re8 19.Ne3 Qf8 20.Bxg7 Qxg7 21.Qf2 Nh5 22.f6 Qf8
23.Nf5 Nxf4 24.Qxa7 gxf5 25.Rxf4 h6 26.Nf3 Ng6 27.Qe3 Kh7 28.Nh4 Nxf4 29.Qxf4 Qg8
30.Nxf5 Bxf5 31.Qxf5+ Qg6 32.Qd7 Re5 33.Qxd6 Qg5 34.g3 c5 35.b3 Kg6 36.Qxa6 h5
37.Qxb5 h4 38.Kg2 Qd2+ 39.Kg1 Qe3+ 40.Kg2 Qd2+ 41.Kg1 h3 42.Kf1 Qxh2 43.Qb8 Qg2+
44.Ke1 Qxg3+ 45.Kd2 Qg5+ 46.Ke2 Kh7 47.Qa7 Qh5+  0-1

[Event "4th Penang Heritage City Open"]
[Site "Penang MAS"]
[Date "2012.12.12"]
[Round "4.2"]
[White "Lim,C"]
[Black "Olay,E"]
[Result "1-0"]
[WhiteElo "2324"]
[BlackElo "2355"]

1.e4 d6 2.d4 Nf6 3.Nc3 e5 4.Nf3 exd4 5.Nxd4 Be7 6.g3 O-O 7.Bg2 Re8 8.O-O c6
9.h3 Bf8 10.Re1 Na6 11.g4 Nc5 12.g5 Nfd7 13.f4 a5 14.Be3 Qc7 15.a4 Rb8 16.Qd2 b6
17.Rad1 Ba6 18.Nf5 Re6 19.Nd4 Ree8 20.Nf5 Re6 21.Kh1 f6 22.Nd4 Ree8 23.e5 Bb7
24.gxf6 dxe5 25.fxg7 Bxg7 26.Nf5 Bf6 27.Nd6 Re6 28.Rg1 Bg7 29.f5 Re7 30.Bg5 Nf6
31.Bxf6 Bxf6 32.Bxc6+ Kh8 33.Bxb7 Nxb7 34.Nde4 Rf7 35.Nd5 Qc6 36.Qh6 Nd6
37.Nexf6 Ne4 38.Ng4 Qxc2 39.Qe3 Rxf5 40.Rde1 Ng5 41.Rg2 Qc4 42.Ne7 Rf1+ 43.Rg1 Rxg1+
44.Rxg1 Qf4 45.Qxe5+ Qxe5 46.Nxe5 h6 47.h4 Ne4 48.Nf5 Rg8 49.Rxg8+ Kxg8 50.Nxh6+ Kg7
51.Nhg4 Nc5 52.b3 Nxb3 53.Nc4 Nc5 54.Nxb6 Kg6 55.Kg2 Kh5 56.Kh3 Ne4 57.Nh2 Nf2+
58.Kg3 Ne4+ 59.Kf4 Nc3 60.Nf3 Ne2+ 61.Ke3 Ng3 62.Nc4 Nf5+ 63.Kf4 Ne7 64.Ke4 Nc6
65.Kd5 Nb4+ 66.Kc5 Kg4 67.Nce5+  1-0

[Event "Polonia Wroclaw Cup GM"]
[Site "Wroclaw POL"]
[Date "2012.12.12"]
[Round "9"]
[White "Wieczorek,O"]
[Black "Cyborowski,L"]
[Result "1/2-1/2"]
[WhiteElo "2316"]
[BlackElo "2526"]

1.e4 d6 2.d4 Nf6 3.Nc3 e5 4.Nf3 Nbd7 5.g4 g6 6.g5 Nh5 7.Be3 Bg7 8.Qd2 O-O
9.O-O-O Qe7 10.Nd5 Qd8 11.dxe5 dxe5 12.Bh3 Nb6 13.Bxc8 Rxc8 14.Qb4 Nxd5 15.Rxd5 Qe8
16.Bc5 Nf4 17.Rd2 b6 18.Bxf8 Bxf8 19.Qb3 Bd6 20.Ne1 Qc6 21.Qf3 Ne6 22.h4 Nc5
23.Qh3 Ne6 24.f3 Re8 25.Nd3 a5 26.Rg2 a4 27.h5 Nf8 28.a3 b5 29.hxg6 fxg6
30.Rd2 Qc4 31.Kb1 b4 32.Nxb4 Bxb4 33.axb4 Qxb4 34.c3 Qb3 35.Qf1 Ne6 36.Qa6 Nxg5
37.Qc6 Rb8 38.Qxc7 Nf7 39.Qc5 a3 40.Rhd1 axb2 41.Qa5 Rb5 42.Qa8+ Rb8 43.Qa5 Rb5
44.Qa8+ Rb8  1/2-1/2

[Event "1st Korbach GM"]
[Site "Korbach GER"]
[Date "2012.12.13"]
[Round "7.4"]
[White "Lampert,J"]
[Black "Izso,D"]
[Result "1/2-1/2"]
[WhiteElo "2288"]
[BlackElo "2331"]

1.e4 d6 2.d4 Nf6 3.Nc3 Nbd7 4.f4 e5 5.Nf3 exd4 6.Qxd4 c6 7.Be3 d5 8.exd5 Bc5
9.Qd3 Qe7 10.Kd2 O-O 11.dxc6 bxc6 12.Re1 Bxe3+ 13.Qxe3 Qb4 14.Kc1 Rb8 15.b3 Nb6
16.Bd3 c5 17.Ne5 Be6 18.Ne4 Qa3+ 19.Kb1 c4 20.Nxf6+ gxf6 21.Qg3+ Kh8 22.Qh4 cxd3
23.Qxf6+ Kg8 24.Qg5+ Kh8 25.Qf6+ Kg8 26.Qg5+ Kh8 27.Qf6+ Kg8 28.Qg5+  1/2-1/2

[Event "1st Korbach GM"]
[Site "Korbach GER"]
[Date "2012.12.14"]
[Round "9.6"]
[White "Vuckovic,Alek"]
[Black "Czebe,A"]
[Result "0-1"]
[WhiteElo "2334"]
[BlackElo "2481"]

1.e4 d6 2.d4 Nf6 3.Nc3 e5 4.dxe5 dxe5 5.Qxd8+ Kxd8 6.Bc4 Ke8 7.Nd5 Nxd5 8.Bxd5 c6
9.Bb3 Na6 10.Be3 Bc5 11.Ke2 Ke7 12.Rd1 f6 13.Bxc5+ Nxc5 14.Ke3 a5 15.Bc4 b5
16.Bd3 Be6 17.a3 b4 18.Ne2 Na4 19.b3 Nb2 20.Ra1 Nxd3 21.Kxd3 c5 22.Rhb1 f5
23.Ng3 f4 24.Nf1 g5 25.Nd2 g4 26.c3 Rhd8+ 27.Kc2 bxc3 28.Kxc3 Rd4 29.Rd1 Rad8
30.Kc2 a4 31.bxa4 Bd7  0-1

[Event "Amplico ch-EUR Blitz"]
[Site "Warsaw POL"]
[Date "2012.12.14"]
[Round "3.2"]
[White "Jakubowski,K"]
[Black "Motylev,A"]
[Result "0-1"]
[WhiteElo "2510"]
[BlackElo "2677"]

1.e4 d6 2.d4 Nf6 3.Nc3 Nbd7 4.f4 e5 5.Nf3 exd4 6.Qxd4 c6 7.a4 d5 8.e5 Bc5
9.Qd3 Ng4 10.Nd1 f6 11.h3 Nh6 12.e6 Qe7 13.f5 Ne5 14.Nxe5 fxe5 15.Bxh6 Qh4+
16.g3 Qxh6 17.Qd2 Qf6 18.g4 O-O 19.Ke2 Qh4 20.Qe1 Qh6 21.Qd2 Qxd2+ 22.Kxd2 g6
23.b4 Bxb4+ 24.c3 Bc5 25.Ne3 Bxe3+ 26.Kxe3 gxf5 27.gxf5 Rxf5 28.e7 Bd7 29.Be2 Rf7
30.Rhg1+ Kh8 31.Rg5 Rxe7 32.Rag1 Bxh3  0-1

[Event "Amplico ch-EUR Blitz"]
[Site "Warsaw POL"]
[Date "2012.12.14"]
[Round "5.2"]
[White "Drozdowski,K"]
[Black "Motylev,A"]
[Result "1/2-1/2"]
[WhiteElo "2426"]
[BlackElo "2677"]

1.e4 d6 2.d4 Nf6 3.Nc3 Nbd7 4.Nf3 e5 5.Bc4 Be7 6.O-O O-O 7.a4 c6 8.h3 a5
9.Re1 h6 10.Be3 Re8 11.Ba2 Qc7 12.Qd2 Bf8 13.dxe5 dxe5 14.Rad1 Nc5 15.Qe2 Ne6
16.Nh4 Nf4 17.Bxf4 exf4 18.e5 Bb4 19.exf6 Rxe2 20.Rxe2 Be6 21.Bxe6 fxe6 22.Rxe6 Kf7
23.Rde1 gxf6 24.Nf5 Kg6 25.Nh4+ Kf7 26.Nf5 Kg6 27.Nh4+ Kf7 28.Nf5  1/2-1/2

[Event "Amplico ch-EUR Blitz"]
[Site "Warsaw POL"]
[Date "2012.12.14"]
[Round "6.1"]
[White "Andriasian,Z"]
[Black "Motylev,A"]
[Result "0-1"]
[WhiteElo "2605"]
[BlackElo "2677"]

1.e4 d6 2.d4 Nf6 3.Nc3 Nbd7 4.f4 e5 5.Nf3 exd4 6.Nxd4 g6 7.Be2 Bg7 8.O-O O-O
9.Bf3 c6 10.Kh1 Re8 11.Re1 Nc5 12.b4 Ne6 13.Be3 Nxd4 14.Bxd4 c5 15.bxc5 dxc5
16.Bg1 Nh5 17.Nd5 Bxa1 18.Qxa1 Be6 19.Rd1 Bxd5 20.Rxd5 Qf6 21.e5 Qxf4 22.Bxh5 gxh5
23.Rxc5 Rad8 24.Qe1 Re6 25.h3 Rg6 26.Be3 Qe4 27.Qf2 b6 28.Rc7 Rd1+ 29.Kh2 Qxe5+
30.Bf4 Qe1 31.Qxe1 Rxe1 32.Rxa7 Re2 33.h4 Rgxg2+ 34.Kh3 Rgf2 35.Kg3 Kg7 36.Rb7 Rg2+
37.Kf3 Ref2+ 38.Ke3 Rxc2 39.Be5+ Kg6 40.Rxb6+ Kf5 41.Bb8 Rb2 42.Rxb2 Rxb2  0-1

[Event "ch-CZE Blitz H18 2012"]
[Site "Prague CZE"]
[Date "2012.12.15"]
[Round "10.1"]
[White "Toman,Ondrej"]
[Black "Kraus,To"]
[Result "1-0"]
[WhiteElo "2101"]
[BlackElo "2290"]

1.e4 d6 2.d4 Nf6 3.Nc3 e5 4.dxe5 dxe5 5.Qxd8+ Kxd8 6.Bg5 Be6 7.O-O-O+ Nd7
8.Nf3 Ke8 9.Bb5 c6 10.Ba4 Bc5 11.Rhf1 a5 12.Bb3 b5 13.Bxe6 fxe6 14.Nd2 a4
15.f4 Rf8 16.fxe5 Nxe5 17.Nf3 Nc4 18.e5 Ng4 19.Ne4 Be3+ 20.Kb1 h6 21.Bh4 g5
22.Bg3 Rd8 23.h3 Bf4 24.Bxf4 gxf4 25.hxg4 Ne3 26.Rxd8+ Kxd8 27.Rh1 Nxg4 28.Nc5 Ke7
29.a3 Rh8 30.Nd4 Ne3 31.Nxc6+ Kf7 32.Nd4 Nxg2 33.Ncxe6 f3 34.Rf1 Nh4 35.Nc7 Rc8
36.Ncxb5 Ke7 37.Nxf3 Rf8 38.Nbd4 h5 39.Nd2 Rd8 40.Nc6+ Ke8 41.Nxd8 Kxd8 42.e6 Ke7
43.Rh1 Nf5 44.Rxh5 Kxe6 45.Rxf5  1-0

[Event "Amplico ch-EUR Rapid"]
[Site "Warsaw POL"]
[Date "2012.12.15"]
[Round "5.49"]
[White "Dragun,K"]
[Black "Kudzma,L"]
[Result "1-0"]
[WhiteElo "2461"]
[BlackElo "2152"]

1.e4 d6 2.d4 Nf6 3.Nc3 e5 4.Nf3 Nbd7 5.Bc4 Be7 6.O-O O-O 7.h3 c6 8.a4 b6
9.Re1 Bb7 10.Bg5 Ne8 11.Be3 Nc7 12.Ba2 Bf6 13.Qd2 Qe7 14.Rad1 Rad8 15.b4 exd4
16.Nxd4 g6 17.Nde2 c5 18.b5 Rfe8 19.Qxd6 Qxd6 20.Rxd6 Bxe4 21.Nxe4 Rxe4 22.Red1 Bd4
23.Nxd4 cxd4 24.R1xd4 Rxd4 25.Rxd4 Kg7 26.Bg5 f6 27.Bf4 Rf8  1-0

[Event "Frau Bundesliga Div1 2012-13"]
[Site "Germany GER"]
[Date "2012.12.16"]
[Round "5.4"]
[White "Von Wantoch Rekowski,D"]
[Black "Lakos,N"]
[Result "1/2-1/2"]
[WhiteElo "2245"]
[BlackElo "2290"]

1.e4 d6 2.d4 Nf6 3.Nc3 e5 4.dxe5 dxe5 5.Qxd8+ Kxd8 6.Bg5 c6 7.O-O-O+ Ke8
8.f3 Nbd7 9.g3 h6 10.Be3 Bc5 11.Bxc5 Nxc5 12.Nh3 Ke7 13.Nf2 Be6 14.b3 Rhd8
15.Be2 Rxd1+ 16.Ncxd1 b5  1/2-1/2

[Event "SportAccord Blitz Men 2012"]
[Site "Beijing CHN"]
[Date "2012.12.17"]
[Round "9.1"]
[White "Grischuk,A"]
[Black "Ivanchuk,V"]
[Result "1-0"]
[WhiteElo "2764"]
[BlackElo "2766"]

1.e4 d6 2.d4 Nf6 3.Nc3 e5 4.Nf3 Nbd7 5.Bc4 Be7 6.O-O O-O 7.a4 h6 8.Re1 a6
9.a5 exd4 10.Nxd4 Ne5 11.Ba2 Re8 12.h3 Bf8 13.Bf4 Bd7 14.Bh2 g6 15.Kh1 Bg7
16.Qd2 c5 17.Nde2 Be6 18.Bxe6 Rxe6 19.Nf4 Re8 20.Ra4 Qd7 21.b3 Qc6 22.Ncd5 Nxd5
23.Nxd5 Nd7 24.f3 Re6 25.Rd1 h5 26.Nf4 Bh6 27.Qf2 Bxf4 28.Bxf4 b5 29.axb6 Nxb6
30.Ra5 Nd7 31.Raa1 Nf6 32.c4 Rb8 33.Rd3 Nd7 34.Qa2 Ne5 35.Bxe5 dxe5 36.Rad1 Qb6
37.Qa3 Qb4 38.Qc1 a5 39.Qa1 Ree8 40.Re3 Re6 41.Rd5 Rbe8 42.Red3 Kh7 43.Kh2 Kg8
44.Rd7 R6e7 45.R7d6 Re6 46.R6d5 R6e7 47.Qg1 Rc7 48.Qa1 Rce7 49.Qa2 Re6 50.Qf2 Rc6
51.Qc2 Rce6 52.Rd7 R8e7 53.Rd8+ Re8 54.R8d5 R8e7 55.Rd1 Re8 56.Ra1 Rb8 57.Rd3 Qb6
58.Qc3 Ra8 59.Rd5 Qc7 60.Rad1 Rb8 61.R1d3 Rb7 62.Qd2 Qb6 63.Qh6 Rb8 64.Qe3 Rc8
65.Rd7 Qc6 66.Qd2 a4 67.bxa4 Qxa4 68.Qc3 Qc6 69.Ra7 Qb6 70.Rdd7 Rf8 71.Rab7 Qc6
72.Rbc7 Qb6 73.Qe3 Rc6 74.Rb7 Qa6 75.Qd3 Rf6 76.Qd5 Qa2 77.Qxe5 Rxf3 78.Qg5 Rf2
79.Qxg6+  1-0

[Event "SportAccord Blitz Women 2012"]
[Site "Beijing CHN"]
[Date "2012.12.17"]
[Round "12.4"]
[White "Paehtz,E"]
[Black "Zhu Chen"]
[Result "1-0"]
[WhiteElo "2482"]
[BlackElo "2491"]

1.e4 d6 2.d4 Nf6 3.Nc3 e5 4.Nge2 Be7 5.g3 c6 6.a4 O-O 7.Bg2 a5 8.O-O Na6
9.h3 Re8 10.Be3 Nb4 11.Qd2 Bf8 12.Rad1 exd4 13.Bxd4 Nd7 14.f4 Qc7 15.g4 b6
16.Ng3 Ba6 17.Rfe1 g6 18.Bf3 Rac8 19.Kg2 Nc5 20.h4 Ne6 21.Be3 d5 22.Nce2 Rcd8
23.e5 d4 24.Bf2 d3 25.cxd3 Nxd3 26.Qc2 Nxe1+ 27.Rxe1 Bc5 28.Ne4 Be7 29.h5 Bxe2
30.Bxe2 Nxf4+ 31.Kf3 Nxe2 32.Rxe2 Qxe5 33.Bg3 Qd4 34.Re3 c5 35.h6 Bf8 36.g5 Re6
37.Bf4 Be7 38.Qb3 Qd1+ 39.Qxd1 Rxd1 40.Ke2 Rd4 41.Kf3 c4 42.Nc3 Rd3 43.Ne4 Rxe3+
44.Kxe3 f5 45.gxf6 Bxf6 46.Kf3 Bxb2 47.Be3 c3 48.Bd4 Rc6 49.Nf6+ Kf7 50.Nxh7 g5
51.Nxg5+ Kg6 52.h7 Rc8 53.h8=Q Rxh8 54.Bxh8 Kxg5 55.Ke4 Kg4 56.Kd3 Kf3 57.Bd4 Ba3
58.Kxc3 Bc5 59.Bxc5 bxc5 60.Kc4 Ke4 61.Kxc5 Ke5 62.Kc4  1-0

[Event "15th Padova Open 2012"]
[Site "Padova ITA"]
[Date "2012.12.18"]
[Round "3.8"]
[White "Boscolo,F"]
[Black "Lazic,Mir"]
[Result "0-1"]
[WhiteElo "2320"]
[BlackElo "2471"]

1.e4 d6 2.d4 Nf6 3.Nc3 e5 4.Nf3 Nbd7 5.g4 Nxg4 6.Rg1 Ngf6 7.Be3 c6 8.Qd2 b5
9.O-O-O b4 10.dxe5 dxe5 11.Nxe5 Qa5 12.Nxc6 bxc3 13.Qxd7+ Bxd7 14.Nxa5 cxb2+
15.Kxb2 Rb8+ 16.Nb3 a5 17.e5 Ng4 18.Rxd7 Nxe3 19.Ra7 Nd1+ 20.Kc1 Nxf2 21.Bc4 Ba3+
22.Kb1 O-O 23.Rxa5 Bb4 24.Ra6 Ne4 25.e6 fxe6 26.Rxe6 Nc3+ 27.Kb2 Na4+ 28.Kb1 Kh8
29.Ra6 Nc5 30.Ra7 Bc3 31.Rc7 Ne4 32.Bd3 Be5 33.Re7 Nc3+ 34.Kc1 Nxa2+ 35.Kd1 Bf6
36.Ra7 Nb4 37.Be4 Rfe8 38.Bf5 Rbd8+ 39.Kc1 Re2 40.h4 g6 41.Ra4 Bc3 42.Rxb4 Bxb4
43.Bd3 Re1+ 44.Rxe1 Bxe1 45.h5 g5 46.Kd1 Re8 47.Nc5 Kg7 48.Ne4 Ba5 49.Ke2 Kh6
50.Kf3 Rf8+ 51.Kg2 Bc7 52.Be2 Re8 53.Nc3 Ba5  0-1

[Event "15th Padova Open 2012"]
[Site "Padova ITA"]
[Date "2012.12.18"]
[Round "3.5"]
[White "Solodovnichenko,Y"]
[Black "De Santis,A"]
[Result "1-0"]
[WhiteElo "2557"]
[BlackElo "2281"]

1.e4 d6 2.d4 Nf6 3.Nc3 e5 4.Nf3 exd4 5.Nxd4 Be7 6.Bf4 O-O 7.Qd2 Nc6 8.O-O-O Nxd4
9.Qxd4 a6 10.f3 b5 11.g4 c5 12.Qd2 b4 13.Nb1 Qa5 14.Bc4 Be6 15.Qe2 Ne8 16.Nd2 Nc7
17.Kb1 Nb5 18.g5 Rab8 19.Ka1 Rb7 20.Qd3 Rd8 21.Bd5 Bxd5 22.exd5 Re8 23.Rde1 Qd8
24.h4 Bf8 25.Ne4 Kh8 26.h5 Rbe7 27.Reg1 Rb7 28.Bc1 Qc8 29.h6 g6 30.b3 Be7
31.Bb2+ Kg8 32.Re1 Rf8 33.Bf6 Bxf6+ 34.Nxf6+ Kh8 35.Rh4 Nc3 36.Rc4 Nb5 37.Rce4 Rb8
38.Re7 Qh3 39.Nd7 Rbd8 40.Nxf8 Rxf8 41.Rxf7  1-0

[Event "SportAccord Blindfold Men 2012"]
[Site "Beijing CHN"]
[Date "2012.12.19"]
[Round "6.8"]
[White "Grischuk,A"]
[Black "Jobava,Ba"]
[Result "1-0"]
[WhiteElo "2764"]
[BlackElo "2711"]

1.e4 d6 2.d4 Nf6 3.Nc3 e5 4.Nf3 Nbd7 5.Bc4 Be7 6.O-O O-O 7.a4 c6 8.Re1 h6
9.h3 Re8 10.Ba2 Qc7 11.Nh4 exd4 12.Qxd4 Nf8 13.Qd3 Be6 14.Bxe6 Nxe6 15.Nf5 Bf8
16.Qf3 Nd7 17.Be3 Ne5 18.Qg3 Kh7 19.Rad1 g6 20.Nh4 Bg7 21.Bc1 Qe7 22.f4 Bf6
23.Nf3 Nxf3+ 24.Qxf3 Nc5 25.e5 dxe5 26.fxe5 Bxe5 27.Kh1 Qf6 28.Qe3 Bxc3 29.Qxh6+ Kg8
30.bxc3 Ne4 31.Kh2 Qxc3 32.Rf1 Qe5+ 33.Bf4 Qh5 34.Qxh5 gxh5 35.a5 Rad8 36.Rfe1 f5
37.Rb1 Rd7 38.Rb3 Kf7 39.Reb1 Ree7 40.Rf1 Rd5 41.Rfb1 Nc5 42.Rf3 Ne6 43.c4 Rxa5
44.Bd6 Rd7 45.c5 Kg6 46.Rg3+ Kf6 47.Re1 Nxc5 48.Be5+ Kf7 49.Rg7+ Kf8 50.Rg5 Ne4
51.Rxf5+ Rf7 52.Rxf7+ Kxf7 53.Rxe4 Rd5 54.Kg3 a5 55.Kf4 b5 56.Rd4 Ke6 57.Rxd5 Kxd5
58.g4 b4 59.gxh5  1-0